Dôchodkový systém na Slovensku pred a po reforme v roku 2012 bakalárska práca

Saved in:
Bibliographic Details
Main Author: Bakovková, Andrea
Corporate Author: Národohospodárska fakulta EU. Katedra bankovníctva a medzinárodných financií
Other Authors: Hudcovský, Jaroslav
Format: Book
Language:Slovak
Published: Bratislava 2017
Tags: Add Tag
No Tags, Be the first to tag this record!

MARC

LEADER 00000nbm a2200000 4500
001 0233749
005 20180115153243.3
041 0 |a slo 
044 |a SK 
245 1 0 |a Dôchodkový systém na Slovensku pred a po reforme v roku 2012  |b bakalárska práca  |c Andrea Bakovková ; školiteľ: Jaroslav Hudcovský 
264 1 |a Bratislava  |c 2017 
300 |a 56 s. 
100 1 |a Bakovková, Andrea 
700 1 |a Hudcovský, Jaroslav 
710 2 |a Národohospodárska fakulta EU. Katedra bankovníctva a medzinárodných financií